Top 5 Most Populous Cities from each US State - Statistics

General Stats
  • This quiz has been taken 1,351 times
    1,325 since last reset
  • The average score is 125 of 250
Answer Stats
State City Population % Correct
California Los Angeles 3,990,456
95%
Arizona Phoenix 1,660,272
95%
California San Francisco 883,305
94%
Colorado Denver 530,093
93%
Florida Miami 470,914
93%
Louisiana New Orleans 391,006
93%
California San Diego 1,425,976
93%
Massachusetts Boston 694,583
92%
Texas Dallas 1,345,047
92%
Michigan Detroit 672,662
92%
New York New York 8,398,748
92%
Oklahoma Oklahoma City 649,021
92%
Pennsylvania Philadelphia 1,584,138
92%
Maine Portland 66,417
92%
Oregon Portland 653,115
92%
Illinois Chicago 2,705,994
91%
Hawaii Honolulu 347,397
91%
Texas Houston 2,325,502
91%
Mississippi Jackson 164,422
91%
Nevada Las Vegas 644,644
91%
Alaska Anchorage 291,538
90%
Indiana Indianapolis 867,125
90%
Kansas Kansas City 152,958
90%
Missouri Kansas City 491,918
90%
Washington Seattle 744,955
90%
Georgia Atlanta 498,044
89%
Texas Austin 964,254
89%
Ohio Cleveland 383,793
89%
Georgia Columbus 194,160
89%
Ohio Columbus 892,533
89%
Minnesota Minneapolis 425,403
89%
Tennessee Nashville 669,053
89%
Maryland Baltimore 602,495
88%
Florida Jacksonville 903,889
88%
Florida Orlando 285,713
88%
Utah Salt Lake City 200,591
88%
Alaska Juneau 32,113
87%
Texas San Antonio 1,532,233
87%
Florida Tampa 392,890
87%
Louisiana Baton Rouge 221,599
86%
Ohio Cincinnati 302,605
86%
Tennessee Memphis 650,618
86%
Pennsylvania Pittsburgh 301,048
86%
New Mexico Albuquerque 560,218
85%
Alabama Birmingham 209,880
85%
Arkansas Little Rock 197,881
85%
Idaho Boise 228,790
84%
California San Jose 1,030,119
84%
New York Buffalo 256,304
82%
North Carolina Charlotte 872,498
82%
Rhode Island Providence 179,335
81%
Minnesota Saint Paul 307,695
81%
Missouri St. Louis 302,838
81%
Iowa Des Moines 216,853
80%
Kentucky Louisville 620,118
80%
Wisconsin Milwaukee 592,025
80%
Alabama Montgomery 198,218
80%
Massachusetts Springfield 155,032
80%
Missouri Springfield 168,122
80%
Arizona Tucson 545,975
80%
South Carolina Charleston 136,208
79%
West Virginia Charleston 47,215
79%
Nebraska Omaha 468,262
79%
Oklahoma Tulsa 400,669
79%
North Carolina Raleigh 469,298
78%
Virginia Richmond 228,783
78%
Colorado Colorado Springs 472,688
77%
Nebraska Lincoln 287,401
77%
Nevada Reno 250,998
77%
New Mexico Santa Fe 84,612
77%
Georgia Augusta 196,939
76%
Texas Fort Worth 895,008
76%
Wisconsin Madison 258,054
75%
Oregon Salem 173,442
75%
Wyoming Cheyenne 63,957
74%
Connecticut Hartford 122,587
74%
Delaware Dover 38,079
73%
New Hampshire Dover 31,771
73%
Delaware Newark 33,673
73%
New Jersey Newark 282,090
73%
Missouri Columbia 123,180
72%
South Carolina Columbia 133,451
72%
Alabama Mobile 189,572
72%
Virginia Virginia Beach 450,189
72%
Alaska Fairbanks 31,516
71%
North Dakota Bismarck 73,112
69%
Kansas Wichita 389,255
69%
Minnesota Rochester 116,961
67%
New Hampshire Rochester 31,366
67%
New York Rochester 206,284
67%
South Dakota Sioux Falls 181,883
67%
Kansas Topeka 125,904
67%
North Dakota Fargo 124,844
65%
New Jersey Jersey City 265,549
65%
Ohio Toledo 274,975
65%
Georgia Savannah 145,862
64%
Ohio Akron 198,006
62%
California Fresno 530,093
62%
Tennessee Knoxville 187,500
62%
New York Syracuse 142,749
62%
Montana Billings 109,550
61%
Michigan Grand Rapids 200,217
61%
Arizona Mesa 508,958
61%
Kentucky Lexington 323,780
60%
Vermont Montpelier 7,436
60%
Connecticut New Haven 130,418
59%
Delaware Wilmington 70,635
59%
Washington Spokane 219,190
58%
Colorado Aurora 374,114
57%
Illinois Aurora 199,602
57%
New Hampshire Manchester 112,525
57%
Wisconsin Green Bay 104,879
56%
New Hampshire Concord 43,412
55%
Oregon Eugene 171,245
55%
Utah Provo 116,702
54%
Vermont Burlington 42,899
53%
Washington Tacoma 216,279
53%
North Carolina Durham 274,291
52%
Indiana Fort Wayne 267,633
52%
Tennessee Chattanooga 180,557
51%
North Carolina Greensboro 294,722
51%
Louisiana Shreveport 188,987
51%
Michigan Ann Arbor 121,890
50%
Connecticut Bridgeport 144,900
50%
Minnesota Duluth 85,844
49%
Virginia Norfolk 244,076
49%
Nevada North Las Vegas 245,949
49%
Florida St. Petersburg 265,098
48%
New York Yonkers 199,663
48%
Alabama Huntsville 197,318
47%
Massachusetts Worcester 185,877
47%
Maine Bangor 31,997
46%
Louisiana Lafayette 126,143
46%
Arizona Scottsdale 255,310
46%
Iowa Cedar Rapids 133,174
45%
Arkansas Fayetteville 86,751
45%
Pennsylvania Erie 96,471
44%
Nevada Henderson 310,390
44%
Iowa Sioux City 82,396
43%
Pennsylvania Allentown 121,433
41%
Massachusetts Cambridge 118,977
40%
Hawaii Hilo 43,263
40%
Idaho Idaho Falls 61,535
40%
Alabama Tuscaloosa 101,113
40%
Wyoming Casper 57,461
39%
Georgia Macon 153,095
38%
Indiana South Bend 101,860
38%
New Mexico Las Cruces 102,926
37%
Colorado Fort Collins 167,830
36%
Iowa Iowa City 76,290
36%
Montana Missoula 74,428
36%
Mississippi Biloxi 45,968
35%
Virginia Newport News 178,626
35%
Washington Vancouver 183,012
35%
Montana Bozeman 48,532
33%
Arizona Chandler 257,165
33%
Virginia Chesapeake 242,634
33%
South Dakota Rapid City 75,443
33%
Connecticut Stamford 129,775
33%
North Carolina Winston-Salem 246,328
33%
Iowa Davenport 102,085
32%
Oklahoma Norman 123,471
32%
Montana Butte 34,284
30%
Indiana Evansville 117,963
30%
Illinois Rockford 146,526
30%
Mississippi Gulfport 71,870
29%
Kansas Overland Park 192,536
29%
New Jersey Elizabeth 128,885
28%
Arkansas Fort Smith 87,845
28%
Minnesota Bloomington 85,578
27%
Illinois Joliet 148,099
27%
New Hampshire Nashua 89,246
27%
Oklahoma Broken Arrow 109,171
26%
Nebraska Bellevue 53,627
25%
Washington Bellevue 147,599
25%
Kentucky Bowling Green 68,401
25%
West Virginia Huntington 46,048
25%
Wyoming Laramie 32,473
25%
Illinois Naperville 148,304
25%
Montana Great Falls 58,701
24%
Wisconsin Kenosha 100,164
24%
West Virginia Morgantown 30,955
24%
Massachusetts Lowell 111,670
23%
New Jersey Paterson 145,627
23%
New Mexico Roswell 47,635
23%
Tennessee Clarksville 156,794
22%
North Dakota Grand Forks 56,948
22%
Idaho Nampa 96,252
22%
Pennsylvania Reading 88,495
22%
Alaska Sitka 8,647
22%
Maryland Frederick 72,146
21%
Louisiana Lake Charles 78,001
21%
South Carolina North Charleston 113,237
21%
Hawaii Pearl City 47,698
21%
Rhode Island Warwick 80,847
21%
Utah West Valley City 136,401
20%
Missouri Independence 116,925
19%
Michigan Warren 134,587
19%
Alaska Wasilla 10,529
19%
West Virginia Wheeling 26,771
19%
Mississippi Hattiesburg 45,951
18%
Idaho Meridian 106,804
18%
North Dakota Minot 47,370
18%
Rhode Island Pawtucket 71,847
18%
Colorado Lakewood 156,798
17%
New Jersey Lakewood 104,157
17%
Maine Lewiston 35,944
17%
Kansas Olathe 139,605
17%
Connecticut Waterbury 108,093
17%
Utah West Jordan 116,046
17%
Maine Auburn 23,196
16%
Utah Orem 97,521
16%
Wisconsin Racine 77,432
16%
South Dakota Aberdeen 28,562
15%
Rhode Island Cranston 81,274
15%
Hawaii East Honolulu 49,914
15%
Rhode Island East Providence 47,476
15%
Nebraska Grand Island 51,478
15%
Arkansas Jonesboro 76,990
15%
Michigan Sterling Heights 132,964
15%
Indiana Carmel 93,510
14%
Vermont South Burlington 19,486
14%
Nevada Sparks 104,246
14%
Wyoming Gillette 31,903
13%
Kentucky Owensboro 59,809
13%
New Mexico Rio Rancho 98,023
13%
Maine South Portland 25,606
13%
Oregon Gresham 110,158
12%
Oregon Hillsboro 108,389
12%
Maryland Rockville 68,268
12%
Kentucky Covington 40,366
11%
Maryland Gaithersburg 68,289
11%
Vermont Rutland 15,325
11%
Nebraska Kearney 33,761
10%
South Carolina Mount Pleasant 89,338
10%
West Virginia Parkersburg 29,675
10%
Arkansas Springdale 81,029
10%
Oklahoma Edmond 93,127
9%
South Carolina Rock Hill 74,309
9%
Mississippi Southaven 54,944
9%
South Dakota Watertown 22,153
9%
North Dakota West Fargo 36,566
9%
Maryland Bowie 58,682
8%
South Dakota Brookings 24,509
8%
Delaware Middletown 22,582
8%
Wyoming Rock Springs 23,082
8%
Hawaii Kailua 38,635
7%
Delaware Smyrna 11,580
7%
Idaho Caldwell 56,541
6%
Vermont Barre 8,605
5%
No matching quizzes found
Score Distribution
Percent of People with Each Score
Percentile by Number Answered
Your Score History
You have not taken this quiz since the last reset